=LDR 00000nam 2200000 4500 =001 INLIS000000000033988 =005 20130612135917 =008 ***********************************ind** =035 ##$$0010-061300000033988 =041 ##$$a ind =082 ##$$a 794. 8 =090 ##$$a 794. 8, Nug t =100 ##$$a Nugrahanto, Pradipta =245 ##$$a Tips memilih game untuk anak, Pradipta Nugrahanto =260 ##$$a 2008 $b Bandung =300 ##$$a viii,112 hlm, illus, 21 cm =650 ##$$a Mainan Komputer =850 ##$$a NBPNMAT